Kluby z Real w nazwie - Statystyki

Ogólne statystyki
  • Ten quiz został rozwiązany 122 razy
  • Średni wynik to 4 z 10
Statystyki odpowiedzi
Odpowiedź % Poprawnych
Real Madryt
99%
Real Sociedad
83%
Real Betis
75%
Real Valladolid
44%
Real Saragossa
43%
Real Oviedo
40%
Real Murcia
17%
Villarreal
17%
Real Union
4%
Real Madryt Castilla
3%
Nie znaleziono quizów pasujących do podanych kryteriów
Rozkład punktacji
Procent ludzi z każdym wynikiem
Percentyl według liczby udzielonych odpowiedzi
Twoja historia wyników
Nie rozwiązałeś tego quizu